Nové prístupy a trendy v marketingovom manažmente

Definovanie pojmu marketingový manažment. Vývoj marketingového manažmentu. Prístupy a trendy v marketingovom manažmente. Moderné praktiky marketingového manažmentu.

Salvato in:
Dettagli Bibliografici
Autore principale: Bečková, Ina
Natura: Capitolo di libro
Lingua:slovacco
Soggetti:
Tags: Aggiungi Tag
Nessun Tag, puoi essere il primo ad aggiungerne!!

MARC

LEADER 00000naa a2200000 4500
001 0211790
005 20220726121001.1
041 0 |a slo 
044 |a SK 
245 1 0 |a Nové prístupy a trendy v marketingovom manažmente  |c Ina Bečková 
520 |a Definovanie pojmu marketingový manažment. Vývoj marketingového manažmentu. Prístupy a trendy v marketingovom manažmente. Moderné praktiky marketingového manažmentu. 
610 2 0 |a marketing manažment 
610 2 0 |a pojmy 
610 2 0 |a prostredie ekonomické 
610 2 0 |a trh 
100 1 |a Bečková, Ina